| 000 | 01389nam a22003137a 4500 | ||
|---|---|---|---|
| 999 |
_c46642 _d46642 |
||
| 001 | 20291 | ||
| 003 | CO-MdFUSB | ||
| 005 | 20190202100330.0 | ||
| 008 | 160919t1976 xxu||||f |||| 00| 0 eng d | ||
| 020 | _a0-664-20744-8 | ||
| 040 |
_aCO-MdFUSB _bEspañol _cCO-MdFUSB _dCO-MdFUSB _erda |
||
| 041 |
_aeng _hger |
||
| 082 |
_224 _a226.5 _bC967j |
||
| 100 | 1 |
_aCullmann, Oscar _eautor |
|
| 245 | 0 | 4 |
_aThe johannine circle _c/ Oscar Cullmann ; Translated by John Bowden |
| 264 | 4 |
_aPhiladelphia, Pennsylvania : _bThe Westminster Press, _c©1976 |
|
| 300 | _a124 páginas | ||
| 336 |
_2rdacontent _atexto _btxt |
||
| 337 |
_2rdamedia _asin mediación _bn |
||
| 338 |
_2rdacarrier _avolumen _bnc |
||
| 500 | _aIncluye índices (p. 121-124) | ||
| 501 | _aPasta dura | ||
| 505 | 0 | 0 | _aUnidad literaria, fuentes y redacción del Evangelio de Juan - El propósito del evangelista - El valor histórico del cuarto Evangelio - El lenguaje, estilo y características literarias - El entorno no cristiano del evangelio y el círculo de Juan - El lugar del círculo de Juan en el cristianismo primitivo - El mayor desarrollo del círculo de Juan - El autor del evangelio de Juan y el círculo de Juan - El "círculo de Juan" y el Jesús histórico |
| 650 | 0 |
_aBiblia _916 |
|
| 653 | _aBible -- N.T. -- John | ||
| 653 | _aBiblia -- N.T. -- Juan | ||
| 942 | _cBK | ||